00410nam a2200145 i 450000100060000000300090000600500170001500700030003200800410003510000290007624500500010526000570015530000210021285200310023340117ES-MaACL20230906160139.0t|030305s1978 sp ||||1| spa d1 aCañada, Pedro Jesús.10aSombras de ciudad / cPedro Jesús Cañada. aCarboneras de Guadazaón (Cuenca) : bDomo, c1978. a76 p. ; c18 cm. aES-MaACLjA-9203 bR.97836